Normal view
MARC view
- COMMUNICATION SYSTEMS.DIGITAL COMMUNICATION SYSTEMS. MOBILE COMMUNICATIONS
Entry Topical Term
001 - CONTROL NUMBER
- control field: 61579
003 - CONTROL NUMBER IDENTIFIER
- control field: NUST
005 - DATE AND TIME OF LATEST TRANSACTION
- control field: 20210628202758.0
008 - FIXED-LENGTH DATA ELEMENTS
- fixed length control field: 210628|| aca||aabn | a|a d
040 ## - CATALOGING SOURCE
- Original cataloging agency: NUST
- Transcribing agency: NUST
150 ## - HEADING--TOPICAL TERM
- Topical term or geographic name entry element: COMMUNICATION SYSTEMS.DIGITAL COMMUNICATION SYSTEMS. MOBILE COMMUNICATIONS
670 ## - SOURCE DATA FOUND
- Source citation: Work cat.: (NUST): Sreekanth, P.V 61578, Digital microwave communication systems, with selected topics in mobile communications, 2003
